000 01047nam a22003377a 4500
999 _c6262
_d6262
001 6262
003 BD-JhCC
005 20180118163010.0
008 821213s1981 bg af b 000 0 eng
020 _cTk18.00 ( 2.00 U.S.)
035 _aMITb10324779
035 _a(BD-JhCC)6262
040 _aDLC
_cDLC
_dm/c
_dMYG
_dBD-JhCC
041 _aeng
050 0 _aDS396.9.D3
_bH37 1981
082 _a297.350954922
_bHAS 1981
099 _aDS396.9.D3.H37 1981
100 1 _aHasan, Sayed Mahmudul.
245 1 0 _aDacca, the city of mosques /
_cSyed Mahmudul Hasan.
250 _a1st ed.
260 _aDacca :
_bIslamic Foundation Bangladesh,
_c1981.
300 _aii, 89 p., 40 p. of plates :
_bill. ;
_c22 cm.
490 1 _aI.F. publication ;
_v578
504 _aBibliography: p. 87-89.
650 0 _aMosques
_zBangladesh
_zDhaka.
651 0 _aDhaka (Bangladesh)
_xDescription and travel.
830 0 _aI.F. publication ;
_vno. 578.
942 _2ddc
_cBK
949 _aMYGR
_b39080004805765